مكتبة جامعة عجلون الوطنية

فهرس بحث المكتبة

Normal view MARC view
  • القانون الدولي الخاص -- القانون الدولي

Entry Topical Term

Number of records used in: 1

001 - CONTROL NUMBER

  • control field: 25823

003 - CONTROL NUMBER IDENTIFIER

  • control field: JO-AjAnu

005 - DATE AND TIME OF LATEST TRANSACTION

  • control field: 20230606074416.0

008 - FIXED-LENGTH DATA ELEMENTS

  • fixed length control field: 230606|| aca||aabn | a|a d

040 ## - CATALOGING SOURCE

  • Original cataloging agency: JO-AjAnu
  • Transcribing agency: JO-AjAnu

150 ## - HEADING--TOPICAL TERM

  • Topical term or geographic name entry element: القانون الدولي الخاص -- القانون الدولي

670 ## - SOURCE DATA FOUND

  • Source citation: Work cat.: (JO-AjAnu)13276: الكسواني ، عامر محمود , author 25822, موسوعة القانون الدولي الخاص، 1 تنازع القوانين